[Event "Bayern-chI Bank Hofmann 22nd"]
[Site "Tegernsee"]
[Date "2018.10.27"]
[Round "1"]
[White "Wille, Thomas"]
[Black "Carow, Johannes"]
[Result "0-1"]
[WhiteElo "2096"]
[BlackElo "2439"]
[PlyCount "76"]
[EventDate "2018.10.27"]
[EventType "swiss"]
[EventRounds "9"]
[EventCountry "GER"]
[SourceTitle "CBM 187 Extra"]
[Source "ChessBase"]
[SourceDate "2018.11.04"]
[SourceVersion "1"]
[SourceVersionDate "2018.11.04"]
[SourceQuality "1"]

1. c4 c5 2. Nc3 g6 3. g3 Bg7 4. Bg2 Nc6 5. d3 e6 6. e4 Nge7 7. Nge2 0-0 8. 0-0 b6 9. Bf4 Bb7 10. Qd2 Ne5 11. Bxe5 Bxe5 12. f4 Bg7 13. Rad1 a6 14. d4 cxd4 15. Nxd4 Rc8 16. b3 Qc7 17. Na4 Rfd8 18. Qf2 Rb8 19. Rfe1 Ba8 20. Rc1 Nc6 21. Nf3 d6 22. Red1 b5 23. cxb5 axb5 24. Nc3 Qa5 25. Nb1 b4 26. Rc2 Na7 27. Nfd2 d5 28. e5 Rbc8 29. Rdc1 Rxc2 30. Rxc2 Nb5 31. Nf3 d4 32. Ne1 Nc3 33. Bxa8 Qxa8 34. Nxc3 dxc3 35. Nf3 Bf8 36. Kg2 Rd3 37. g4 Qe4 38. Kg3 Rxf3+ 0-1

[Event "Maastricht Limburg op-A 8th"]
[Site "Maastricht"]
[Date "2014.06.09"]
[Round "6"]
[White "Wille, Thomas"]
[Black "Van Helvoort, Rob AM"]
[Result "0-1"]
[WhiteElo "2105"]
[BlackElo "2140"]
[PlyCount "88"]
[EventDate "2014.06.06"]
[EventType "swiss"]
[EventRounds "7"]
[EventCountry "NED"]
[SourceTitle "CBM 160 Extra"]
[Source "ChessBase"]
[SourceDate "2014.07.01"]
[SourceVersion "1"]
[SourceVersionDate "2014.07.01"]
[SourceQuality "1"]

1. Nf3 g6 2. g3 Bg7 3. Bg2 c5 4. c4 Nc6 5. Nc3 d6 6. 0-0 Bf5 7. d3 Qd7 8. Nd5 Rc8 9. Rb1 Bh3 10. a3 Bxg2 11. Kxg2 e6 12. Ne3 Nge7 13. b4 Nd4 14. Bb2 e5 15. bxc5 dxc5 16. Nxd4 exd4 17. Nc2 0-0 18. Ne1 Nf5 19. Ba1 Rfe8 20. Nf3 h6 21. Re1 Re6 22. g4 Ne7 23. h3 g5 24. e4 dxe3 25. Rxe3 Rd6 26. Bb2 Ng6 27. Ne1 b6 28. Kg1 Rd8 29. Bxg7 Kxg7 30. Rb2 Nf4 31. Rb3 h5 32. Qf3 Rh8 33. Ng2 hxg4 34. hxg4 Nh3+ 35. Kf1 Rf6 36. Qg3 Nxf2 37. Ke1 Rh3 38. Qe5 Qxg4 39. Qxf6+ Kxf6 40. Kxf2 Rxe3 41. Nxe3 Qf4+ 42. Ke2 Qh2+ 43. Ke1 Qa2 44. Rc3 Kg6 0-1

[Event "Maastricht Limburg op-A 8th"]
[Site "Maastricht"]
[Date "2014.06.06"]
[Round "1"]
[White "Winkels, Marcel"]
[Black "Wille, Thomas"]
[Result "1/2-1/2"]
[WhiteElo "1996"]
[BlackElo "2105"]
[PlyCount "132"]
[EventDate "2014.06.06"]
[EventType "swiss"]
[EventRounds "7"]
[EventCountry "NED"]
[SourceTitle "CBM 160 Extra"]
[Source "ChessBase"]
[SourceDate "2014.07.01"]
[SourceVersion "1"]
[SourceVersionDate "2014.07.01"]
[SourceQuality "1"]

1. e4 c5 2. Nf3 e6 3. d4 cxd4 4. Nxd4 a6 5. Nc3 Qc7 6. Bd3 Nc6 7. Nxc6 dxc6 8. 0-0 c5 9. Be3 b6 10. Qe2 Bb7 11. Rad1 Ne7 12. f4 Nc6 13. f5 Nd4 14. Bxd4 cxd4 15. fxe6 fxe6 16. Nb1 Qe5 17. Nd2 Bc5 18. Kh1 b5 19. Bxb5+ Ke7 20. Bd3 Rhf8 21. Qg4 Rxf1+ 22. Rxf1 Rf8 23. Qh4+ Ke8 24. Rxf8+ Bxf8 25. Nf3 Qf6 26. Qxf6 gxf6 27. Nxd4 Kd7 28. Nf3 h6 29. Kg1 Bd6 30. a3 Bf4 31. b4 Bc1 32. a4 Ba3 33. b5 axb5 34. axb5 Kd6 35. Kf2 Kc5 36. Ke2 e5 37. g4 Bc8 38. h3 Bd7 39. c4 Be6 40. Nd2 Bc8 41. Nf1 Be6 42. Ng3 Kb6 43. Nh5 Be7 44. Kd2 Bf7 45. Ng7 Bf8 46. Nf5 Be6 47. Ne3 Bb4+ 48. Ke2 Kc5 49. Kf3 Ba5 50. Bf1 Kd4 51. Be2 Bb6 52. Nf5+ Bxf5 53. exf5 Bc5 54. h4 e4+ 55. Kf2 Ke5+ 56. Kg3 Bb6 57. Bd1 Bc5 58. g5 fxg5 59. hxg5 hxg5 60. Kg4 Kf6 61. Bc2 e3 62. Bd3 Bb6 63. Kf3 Ke5 64. Bc2 Bc5 65. Bd3 Bb6 66. f6 Kxf6 1/2-1/2

[Event "Niederrhein-ch"]
[Site "Krefeld"]
[Date "2013.03.25"]
[Round "3"]
[White "Wille, Thomas"]
[Black "Westermann, Johannes"]
[Result "1/2-1/2"]
[WhiteElo "2060"]
[BlackElo "2171"]
[PlyCount "65"]
[EventDate "2013.03.23"]
[EventType "swiss"]
[EventRounds "7"]
[EventCountry "GER"]
[SourceTitle "EXT 2015"]
[Source "ChessBase"]
[SourceDate "2014.11.20"]
[SourceVersion "1"]
[SourceVersionDate "2014.11.20"]
[SourceQuality "1"]

1. e4 e5 2. Nc3 Nf6 3. g3 Bc5 4. Bg2 Nc6 5. d3 a6 6. Nd5 Nxd5 7. exd5 Ne7 8. Qe2 d6 9. Be3 Bxe3 10. fxe3 0-0 11. c4 c5 12. Nf3 Bg4 13. 0-0 Qd7 14. Qe1 Bxf3 15. Bxf3 b5 16. Qd2 f5 17. b3 b4 18. Bg2 a5 19. a4 Rae8 20. Bh3 Rf6 21. e4 Ref8 22. Rf2 Qe8 23. Bxf5 Nxf5 24. Rxf5 Rxf5 25. exf5 Rxf5 26. Rf1 Qf7 27. Rf2 h5 28. Qe3 g6 29. Kg2 Kg7 30. Rxf5 Qxf5 31. h3 g5 32. Qe4 Qf6 33. Qf3 1/2-1/2

[Event "NRW Class2 1011"]
[Site "Germany"]
[Date "2010.12.19"]
[Round "4.5"]
[White "Hoeren, Andreas"]
[Black "Wille, Thomas"]
[Result "1/2-1/2"]
[WhiteElo "2140"]
[BlackElo "2168"]
[PlyCount "37"]
[EventDate "2010.09.26"]
[EventType "team-tourn"]
[EventRounds "9"]
[EventCountry "GER"]
[SourceTitle "EXT 2012"]
[Source "ChessBase"]
[SourceDate "2011.11.24"]
[SourceVersion "1"]
[SourceVersionDate "2011.11.24"]
[SourceQuality "1"]
[WhiteTeam "Koeln Lasker"]
[BlackTeam "Mettmann Sport"]
[WhiteTeamCountry "GER"]
[BlackTeamCountry "GER"]

1. d4 Nf6 2. Nc3 d5 3. Bg5 c6 4. Bxf6 exf6 5. e3 Bd6 6. Bd3 a5 7. Qh5 g6 8. Qh6 Bf8 9. Qh4 f5 10. Qxd8+ Kxd8 11. Nf3 Be7 12. Ne2 Na6 13. a3 Bd6 14. b3 Be6 15. 0-0 Ke7 16. c4 c5 17. Nc3 Nc7 18. Na4 dxc4 19. bxc4 1/2-1/2

[Event "NRW Class2 1011"]
[Site "Germany"]
[Date "2010.11.28"]
[Round "3.4"]
[White "Erwich, Frank"]
[Black "Wille, Thomas"]
[Result "1-0"]
[WhiteElo "2333"]
[BlackElo "2168"]
[PlyCount "59"]
[EventDate "2010.09.26"]
[EventType "team-tourn"]
[EventRounds "9"]
[EventCountry "GER"]
[SourceTitle "EXT 2012"]
[Source "ChessBase"]
[SourceDate "2011.11.24"]
[SourceVersion "1"]
[SourceVersionDate "2011.11.24"]
[SourceQuality "1"]
[WhiteTeam "Erkenschwick"]
[BlackTeam "Mettmann Sport"]
[WhiteTeamCountry "GER"]
[BlackTeamCountry "GER"]

1. c4 c6 2. e4 d5 3. exd5 cxd5 4. d4 Nf6 5. Nc3 g6 6. cxd5 Nxd5 7. Qb3 Nb6 8. d5 Bg7 9. Be3 0-0 10. Rd1 Na6 11. Nf3 Bg4 12. Be2 Qd6 13. 0-0 Rad8 14. h3 Bc8 15. Nb5 Qb4 16. Nxa7 Qxb3 17. axb3 Nd7 18. Bxa6 bxa6 19. Nc6 Rde8 20. Rfe1 f6 21. Nfd4 Ne5 22. f4 Nxc6 23. Nxc6 e5 24. Bc5 Rf7 25. d6 Rb7 26. Ne7+ Kf7 27. fxe5 fxe5 28. Rf1+ Ke6 29. Nd5 Bd7 30. Nc7+ 1-0

[Event "Werther Schloss op-A 16th"]
[Site "Werther"]
[Date "2010.03.26"]
[Round "2"]
[White "Wille, Thomas"]
[Black "Ovsejevitsch, Sergei"]
[Result "0-1"]
[WhiteElo "2172"]
[BlackElo "2588"]
[PlyCount "113"]
[EventDate "2010.03.25"]
[EventType "swiss"]
[EventRounds "5"]
[EventCountry "GER"]
[SourceTitle "CBM 135 Extra"]
[Source "ChessBase"]
[SourceDate "2010.05.04"]
[SourceVersion "1"]
[SourceVersionDate "2010.05.04"]
[SourceQuality "1"]

1. c4 e5 2. Nc3 Nc6 3. g3 g6 4. Bg2 Bg7 5. d3 d6 6. a3 f5 7. Rb1 Nf6 8. e3 0-0 9. Nge2 Be6 10. Nd5 Bf7 11. 0-0 Nxd5 12. cxd5 Ne7 13. e4 c6 14. dxc6 bxc6 15. Nc3 Qd7 16. Bg5 Rae8 17. Qa4 d5 18. Rbc1 h6 19. Bxe7 Rxe7 20. exf5 gxf5 21. Bh3 Be6 22. f4 e4 23. d4 Rb8 24. Rf2 c5 25. Qxd7 Rxd7 26. dxc5 Bd4 27. b4 a5 28. c6 Rc7 29. Bxf5 Bxf5 30. Nxd5 Rf7 31. Rd1 Bxf2+ 32. Kxf2 Be6 33. bxa5 Bxd5 34. Rxd5 Rc7 35. Rd6 Rbc8 36. Re6 Rxc6 37. Rxe4 Kf7 38. Rb4 Ra8 39. Rb5 Ra7 40. Ke2 Rca6 41. Kf3 Rxa5 42. Rb6 R7a6 43. Rb7+ Kg6 44. Kg4 Rxa3 45. Rb8 Ra2 46. h3 R2a3 47. Kh4 Kf5 48. Re8 Re6 49. g4+ Kf6 50. Rb8 Rc6 51. Rb4 Rd6 52. Rb8 Rf3 53. f5 Ra3 54. Rb5 Rc6 55. Rb8 Rcc3 56. Rb6+ Kf7 57. Rb7+ 0-1

[Event "Werther Schloss op-A 14th"]
[Site "Werther"]
[Date "2008.03.15"]
[Round "5"]
[White "Wille, Thomas"]
[Black "Reyer, Ulli"]
[Result "1/2-1/2"]
[WhiteElo "2169"]
[BlackElo "2178"]
[PlyCount "45"]
[EventDate "2008.03.13"]
[EventType "swiss"]
[EventRounds "7"]
[EventCountry "GER"]
[SourceTitle "EXT 2010"]
[Source "ChessBase"]
[SourceDate "2010.11.25"]
[SourceVersion "1"]
[SourceVersionDate "2010.11.25"]
[SourceQuality "1"]

1. d4 d5 2. Nf3 Nc6 3. h3 Bf5 4. c3 e6 5. Bg5 Be7 6. Bxe7 Ngxe7 7. e3 0-0 8. Nbd2 h6 9. Be2 Qd6 10. 0-0 e5 11. dxe5 Nxe5 12. Nxe5 Qxe5 13. Nf3 Qf6 14. Qd4 Qxd4 15. Nxd4 Bh7 16. Rfd1 c6 17. Rd2 Nf5 18. Nxf5 Bxf5 19. Bd3 Bxd3 20. Rxd3 Rfe8 21. Rd4 f6 22. Rad1 Kf7 23. Kf1 1/2-1/2

[Event "Solingen op"]
[Site "Solingen"]
[Date "2000.10.06"]
[Round "3"]
[White "Kniest, Oliver"]
[Black "Wille, Thomas"]
[Result "1/2-1/2"]
[WhiteElo "2270"]
[BlackElo "2051"]
[PlyCount "50"]
[EventDate "2000.09.08"]
[EventType "swiss"]
[EventRounds "7"]
[EventCountry "GER"]
[SourceTitle "EXT 2005"]
[Source "ChessBase"]
[SourceDate "2004.11.15"]
[SourceVersion "1"]
[SourceVersionDate "2004.11.15"]
[SourceQuality "1"]

1. c4 e5 2. g3 Nc6 3. Bg2 d6 4. Nc3 Be6 5. d3 Qd7 6. e4 Be7 7. Be3 f5 8. Nge2 Nf6 9. exf5 Bxf5 10. h3 0-0 11. g4 Be6 12. Nd5 Bd8 13. Ng3 Bf7 14. Nxf6+ Bxf6 15. Ne4 Be7 16. 0-0 Kh8 17. Rb1 Nd8 18. Ng5 Bg8 19. Rc1 c6 20. d4 exd4 21. Qxd4 Bxg5 22. Bxg5 Ne6 23. Qd2 Nxg5 24. Qxg5 Rae8 25. Qd2 Rf6 1/2-1/2